Az idő problematikájának megjelenése Csáth Géza novelláiban

Elmentve itt :
Bibliográfiai részletek
Szerző: Szeleczky Noémi Tünde
További közreműködők: Cserjés Katalin (Témavezető)
Dokumentumtípus: Szakdolgozat
Megjelent: 2003
Tárgyszavak:
Online Access:http://diploma.bibl.u-szeged.hu/43069
LEADER 00593nta a2200157 i 4500
001 dipl43069
005 20140723150551.0
008 140723s2003 hu om 0|| zxx d
040 |a SZTE Diploma Repozitórium  |b hun 
041 |a zxx 
100 1 |a Szeleczky Noémi Tünde 
245 1 3 |a Az idő problematikájának megjelenése Csáth Géza novelláiban  |h [elektronikus dokumentum] /  |c Noémi Tünde Szeleczky 
260 |c 2003 
650 4 |a Bölcsészettudományok 
700 1 |a Cserjés Katalin  |e ths 
856 4 0 |u http://diploma.bibl.u-szeged.hu/id/eprint/43069/1/2003_szeleczky_noemi_tunde.pdf  |z Dokumentum-elérés